[Event "Indonesia Open"]
[Site "Jakarta INA"]
[Date "2011.10.14"]
[Round "2.38"]
[White "Sihite,Chelsie Monica"]
[Black "Sutarno"]
[Result "1/2-1/2"]
[WhiteElo "2100"]
[BlackElo "2277"]

1.e4 d6 2.d4 Nf6 3.Nc3 e5 4.Nf3 Nbd7 5.Bc4 Be7 6.O-O O-O 7.a4 c6 8.Bd3 Re8
9.Re1 Qc7 10.b3 Nf8 11.Ne2 Bg4 12.dxe5 Bxf3 13.exf6 Bxe2 14.Qxe2 Bxf6 15.Rb1 d5
16.Qg4 Ng6 17.Bd2 dxe4 18.Rxe4 Rxe4 19.Qxe4 Qe5 20.Qb4 Qe7 21.Qxe7 Nxe7 22.g3 g6
23.Kg2 Nd5 24.Re1 Rd8 25.h4 h5 26.Re2 Kg7 27.f4 Ne7 28.a5 Nf5 29.Be3 a6 30.Bb6 Rd7
31.Kh3 Bc3 32.g4 hxg4+ 33.Kxg4 Nh6+ 34.Kf3 Bf6 35.h5 gxh5 36.Rg2+ Kf8 37.Rh2 h4
38.Bc5+ Kg7 39.Rg2+ Kh8 40.Bf8 Ng8 41.Bc5 Nh6 42.Bf8 Ng8 43.Bc5 Ne7 44.Kg4 Rd8
45.Kf3 Rd5 46.Bxe7 Bxe7 47.Bc4 Rf5 48.Ke4 Rf6 49.f5 Bd6 50.Rd2 h3 51.Bf1 h2
52.Bg2 Kg7 53.c4 Rh6 54.Bh1 Rh4+ 55.Kf3 Rh6 56.Kg4 Kf8 57.Kg5 Bb4 58.Rd7 Rd6
59.Rxb7 Rd1 60.f6 Kg8  1/2-1/2

[Event "II Oliver Gonzalez Memorial"]
[Site "Madrid ESP"]
[Date "2011.10.14"]
[Round "7.30"]
[White "Cerrato Torrijos,M"]
[Black "Martin Consuegra Barrilero,J"]
[Result "1-0"]
[WhiteElo "2097"]
[BlackElo "1880"]

1.e4 d6 2.d4 Nf6 3.Nc3 e5 4.Nf3 Nbd7 5.Bc4 Be7 6.O-O O-O 7.Re1 c6 8.a4 a5
9.h3 exd4 10.Nxd4 Nc5 11.Qf3 Be6 12.Nxe6 fxe6 13.Qe2 Re8 14.e5 Nd5 15.Ne4 Nxe4
16.Qxe4 dxe5 17.Bd3 Nf6 18.Qxe5 Bd6 19.Qg5 Nd5 20.Qh5 g6 21.Bxg6 hxg6 22.Qxg6+ Kh8
23.Re4 Qf6 24.Qh5+ Kg8 25.Rg4+ Qg7 26.Rxg7+  1-0

[Event "Mitropa Cup Women"]
[Site "Merlimont FRA"]
[Date "2011.10.14"]
[Round "8.5"]
[White "Novkovic,J"]
[Black "Varga,Kl"]
[Result "1/2-1/2"]
[WhiteElo "2053"]
[BlackElo "2183"]

1.e4 d6 2.d4 Nf6 3.Nc3 Nbd7 4.f4 e5 5.Nf3 exd4 6.Qxd4 c6 7.Bd2 Qb6 8.O-O-O Be7
9.h3 O-O 10.g4 Re8 11.g5 Nh5 12.Qg1 Qxg1 13.Rxg1 Nc5 14.Nd4 g6 15.Re1 Bd8
16.Be2 Ng7 17.Bf3 Bb6 18.Rh1 Nce6 19.Nde2 Nc7 20.h4 Rd8 21.h5 d5 22.hxg6 fxg6
23.Rh2 d4 24.Na4 Nce6 25.Nxb6 axb6 26.Kb1 d3 27.cxd3 Rxd3 28.Ng1 Nd4 29.Bd1 Be6
30.a3 Rd8 31.Re3 Bc4 32.Kc1 Nb3+ 33.Bxb3 Bxb3 34.Rxd3 Rxd3 35.Rh3 Bc4 36.Re3 Ne6
37.Rxd3 Bxd3 38.e5 Nd4 39.Be3 Nb3+ 40.Kd1 b5 41.Nh3 Kf7 42.Nf2 Bf5 43.Ke2 Ke6
44.Kf3 Na5 45.Ne4 Bxe4+ 46.Kxe4 Nc4 47.Bc1  1/2-1/2

[Event "TCh-ROU Superliga w 2011"]
[Site "Brasov ROU"]
[Date "2011.10.15"]
[Round "8.4"]
[White "Serbanescu,D"]
[Black "Vasilescu,M"]
[Result "0-1"]
[WhiteElo "1869"]
[BlackElo "1814"]

1.e4 d6 2.d4 Nf6 3.Nc3 Nbd7 4.Bc4 e5 5.Nf3 Be7 6.O-O O-O 7.Re1 a5 8.a4 c6
9.Bb3 exd4 10.Nxd4 Nc5 11.Ba2 Re8 12.f3 Ne6 13.Nf5 Bf8 14.Be3 Nc5 15.Nd4 Nfd7
16.Qd2 Ne5 17.Kh1 Qf6 18.Bg5 Qg6 19.Kg1 h6 20.Bh4 Be6 21.Bxe6 fxe6 22.Bg3 Nc4
23.Qc1 d5 24.b3 Nd6 25.e5 Nf5 26.Nxf5 Qxf5 27.Bf2 Nd7 28.f4 Bb4 29.Qb2 Qxf4
30.Re2 Rf8 31.Nd1 Bc5 32.Qc3 Bb4 33.Qd3 Rf5 34.Qg3 Qxg3 35.Bxg3 Raf8 36.Ne3 Bc5
37.c3 Nxe5 38.h3 Nd3 39.Kh2 R5f6 40.Ng4 Rf1 41.Rxf1 Rxf1 42.Bc7 Kf7 43.Rd2 Nf2
44.Nxf2 Rxf2 45.Rxf2+ Bxf2 46.Bxa5 Be1 47.Bb6 Bxc3 48.Kg1 e5 49.Kf1 d4 50.Ke2 e4
51.Bc7 Ke6 52.g4 g6 53.Bf4 h5 54.gxh5 gxh5 55.Bg3 Kd5 56.Bh4 Bb4 57.Bf6 Bd6
58.Bg7 Bf4 59.Bf6 c5 60.Bg7 Be5 61.Bh6 c4 62.bxc4+ Kxc4 63.Bd2 Kb3 64.a5 Bd6  0-1

[Event "15th Unive Open"]
[Site "Hoogeveen NED"]
[Date "2011.10.15"]
[Round "2"]
[White "Van Eijk,S"]
[Black "Duijker,R"]
[Result "1-0"]
[WhiteElo "2372"]
[BlackElo "2214"]

1.e4 d6 2.d4 Nf6 3.Nc3 e5 4.Nf3 Nbd7 5.h3 Be7 6.Bc4 O-O 7.O-O c6 8.a4 b6
9.Qe2 a6 10.Rd1 Qc7 11.Ba2 Rb8 12.Bb3 h6 13.Be3 exd4 14.Bxd4 Re8 15.Qc4 Rf8
16.Nh4 Nc5 17.Bxc5 bxc5 18.Qe2 Re8 19.Nf3 Bf8 20.Qd3 Rb4 21.Re1 a5 22.Re3 Be6
23.Bxe6 Rxe6 24.b3 Nd7 25.Na2 Rb8 26.Rae1 g6 27.Nc3 Bg7 28.Ne2 Kh7 29.g3 Rbe8
30.Nf4 R6e7 31.Rd1 d5 32.exd5 Rxe3 33.fxe3 cxd5 34.Kg2 Nb6 35.h4 Qc6 36.Nxd5 c4
37.Qd2 Nxd5 38.Qxd5 Qxd5 39.Rxd5 cxb3 40.cxb3 Rxe3 41.Nd2 Bf8 42.Kf2 Rc3
43.Rxa5 Rd3 44.Ne4 Rxb3 45.Ra7 Kg7 46.a5 Rb2+ 47.Kf3 Rb3+ 48.Kf4 Ba3 49.a6 Rd3
50.Rc7 Bd6+ 51.Nxd6 Rxd6 52.a7 Ra6 53.Ke5 h5 54.Kd5 Kf6 55.Rc6+  1-0

[Event "15th Unive Open"]
[Site "Hoogeveen NED"]
[Date "2011.10.15"]
[Round "2"]
[White "Haslinger,S"]
[Black "Lorscheid,G"]
[Result "1-0"]
[WhiteElo "2542"]
[BlackElo "2277"]

1.e4 d6 2.d4 Nf6 3.Nc3 e5 4.Nf3 Nbd7 5.Bc4 Be7 6.O-O O-O 7.a4 c6 8.Ba2 b6
9.Qe2 Bb7 10.Rd1 Qc7 11.Nh4 exd4 12.Rxd4 Rae8 13.Bf4 Ne5 14.Nf5 Bc8 15.Nxe7+ Qxe7
16.Rad1 d5 17.exd5 Nxd5 18.Bxd5 cxd5 19.h3 Nc6 20.Qxe7 Rxe7 21.Nxd5 Re6 22.Rc4 Bb7
23.Ne3 f6 24.Nf5 Rfe8 25.Rd7 Bc8 26.Rxg7+ Kh8 27.Rc7  1-0

[Event "TCh-FIN SM-Liiga 2011-12"]
[Site "Oulu FIN"]
[Date "2011.10.15"]
[Round "3.3"]
[White "Rantanen,Y"]
[Black "Jouhki,Y"]
[Result "1-0"]
[WhiteElo "2400"]
[BlackElo "2282"]

1.e4 d6 2.d4 Nf6 3.Nc3 e5 4.Nge2 Be7 5.h3 O-O 6.Be3 Nbd7 7.g4 exd4 8.Nxd4 Nb6
9.Nf5 Re8 10.Bg2 Bxf5 11.exf5 d5 12.O-O c5 13.Bc1 h6 14.a4 d4 15.Ne2 Nbd5
16.c3 Qb6 17.cxd4 Rad8 18.a5 Qa6 19.Nc3 cxd4 20.Nxd5 Nxd5 21.Qb3 Nb4 22.Bd2 Qd3
23.Qxd3 Nxd3 24.Bxb7 Nxb2 25.Bc6 Rf8 26.Rfe1 Bd6 27.Bb5 Rc8 28.Rec1 Rxc1+
29.Rxc1 Rb8 30.Ba6 Be5 31.f4 Bd6 32.Kf1 Kf8 33.Kf2 Re8 34.Kf3 Na4 35.Bb5  1-0

[Event "Chigorin Memorial Open"]
[Site "St Petersburg RUS"]
[Date "2011.10.15"]
[Round "2.4"]
[White "Bodnaruk,A"]
[Black "Khismatullin,D"]
[Result "1/2-1/2"]
[WhiteElo "2417"]
[BlackElo "2635"]

1.e4 d6 2.d4 Nf6 3.Nc3 e5 4.Nf3 Nbd7 5.Bc4 Be7 6.O-O O-O 7.Re1 a6 8.a4 b6
9.Bd3 Bb7 10.dxe5 dxe5 11.Nd5 Nxd5 12.exd5 Bd6 13.c4 f5 14.Ng5 Nc5 15.b4 Nxd3
16.Qxd3 Bc8 17.c5 bxc5 18.bxc5 Bxc5 19.Rxe5 Qf6 20.Nf3 Bd6 21.Bg5 Qf7 22.Rae1 h6
23.Be7 Bxe5 24.Bxf8 Bxh2+ 25.Kxh2 Qxf8 26.Ne5 Qd6 27.f4 Bb7 28.Qxf5 Qxd5
29.Qg4 Rd8 30.Ng6 Kh7 31.Ne5 Rf8 32.Ng6 Rf6 33.Nh4 Qd6 34.Re5 Rf7 35.Qg3 Bc6
36.Qe3 g5 37.Nf5 Qg6 38.g4 h5 39.Re6 Rf6 40.Re7+ Rf7 41.Re6 Rf6 42.Re7+ Rf7  1/2-1/2

[Event "49th ch-IND NatA"]
[Site "Aurangabad IND"]
[Date "2011.10.16"]
[Round "8"]
[White "Thipsay,P"]
[Black "Lalith,B"]
[Result "0-1"]
[WhiteElo "2433"]
[BlackElo "2495"]

1.e4 d6 2.d4 Nf6 3.Nc3 Nbd7 4.Nf3 e5 5.Bc4 Be7 6.O-O O-O 7.a4 h6 8.Re1 c6
9.h3 Re8 10.b3 Qc7 11.Bb2 Nf8 12.a5 Ng6 13.Qd2 Bd7 14.d5 Nf4 15.Kh2 Rab8
16.Ng1 cxd5 17.exd5 Qc8 18.Bf1 Nh7 19.g3 Ng6 20.Bb5 f5 21.Qe2 Nf6 22.Rad1 Bf8
23.Bxd7 Qxd7 24.Nb5 Rbc8 25.c4 a6 26.Nc3 Qc7 27.Ra1 e4 28.Na4 Ne5 29.Nb6 Rcd8
30.b4 Qf7 31.Bxe5 dxe5 32.Qd2 f4 33.g4 Qg6 34.f3 exf3 35.Nxf3 e4 36.Nh4 Qg5
37.Ng2 Bd6 38.Kh1 e3 39.Qe2 Bxb4 40.Reb1 Ne4  0-1

[Event "TCh-ROU Superliga 2011"]
[Site "Brasov ROU"]
[Date "2011.10.16"]
[Round "9.5"]
[White "Baratosi,D"]
[Black "Nevednichy,V"]
[Result "1/2-1/2"]
[WhiteElo "2407"]
[BlackElo "2540"]

1.e4 d6 2.d4 Nf6 3.Nc3 e5 4.dxe5 dxe5 5.Qxd8+ Kxd8 6.Bc4 Ke8 7.Nf3 Bd6 8.Bg5 Nbd7
9.O-O-O a6 10.a4 h6 11.Bh4 g6 12.Nd5 Nxd5 13.Bxd5 f6 14.Nd2 Ke7 15.a5 Bb4
16.Nb3 Nc5 17.Nxc5 Bxc5 18.f3 h5 19.Be1 c6 20.Ba2 g5 21.Kb1 Be6 22.Bc3 g4
23.Rd3 gxf3 24.Rxf3 Bg4 25.Rg3 Rh7 26.h3 Be6 27.Rf1 Bxa2+ 28.Kxa2 Ke6 29.Rg6 Be7
30.Rf5 Kf7 31.Rg3 Ke6 32.Rg6 Kf7 33.Rg3 Ke6 34.Rg6 Kf7  1/2-1/2

[Event "TCh-ROU Superliga 2011"]
[Site "Brasov ROU"]
[Date "2011.10.16"]
[Round "9.2"]
[White "Malureanu,C"]
[Black "Horvat,Dan"]
[Result "1/2-1/2"]
[WhiteElo "2165"]
[BlackElo "2196"]

1.e4 d6 2.d4 Nf6 3.Nc3 e5 4.Nf3 Nbd7 5.Bc4 Be7 6.O-O O-O 7.Qe2 c6 8.a4 a6
9.Rd1 Qc7 10.a5 exd4 11.Nxd4 Ne5 12.Bb3 c5 13.Nf3 Nxf3+ 14.gxf3 Be6 15.Nd5 Nxd5
16.Bxd5 Rae8 17.c3 Kh8 18.Qc4 Qc8 19.Bf4 Bxd5 20.Rxd5 f5 21.e5 dxe5 22.Rxe5 Qc6  1/2-1/2

[Event "TCh-AUT 2 Ost 2011-12"]
[Site "Bruck AUT"]
[Date "2011.10.16"]
[Round "2"]
[White "Volkmann,F"]
[Black "Varga,Zo"]
[Result "1-0"]
[WhiteElo "2410"]
[BlackElo "2474"]

1.e4 d6 2.d4 Nf6 3.Nc3 Nbd7 4.f4 e5 5.Nf3 exd4 6.Qxd4 c6 7.Be3 d5 8.exd5 Bc5
9.Qd3 Qe7 10.Kd2 O-O 11.dxc6 bxc6 12.Re1 Nb6 13.Kc1 Be6 14.Bxc5 Qxc5 15.Qd4 Qa5
16.Re5 Bd5 17.Bd3 Nbd7 18.Rf5 Qb6 19.Nxd5 Nxd5 20.Re1 h6 21.Qxb6 axb6 22.Bc4 N5f6
23.Ne5 b5 24.Bb3 Rae8 25.Rd1 Nxe5 26.Rxe5 Rxe5 27.fxe5 Ne4 28.Rd7 Nc5 29.Rc7 Nxb3+
30.cxb3 Re8 31.a4 Ra8 32.Rxc6 bxa4 33.bxa4 Rxa4 34.e6 fxe6 35.Rxe6 Rc4+ 36.Kd2 Kf7
37.Re2 Rc8 38.b3 Kf6 39.Kd3 Rd8+ 40.Kc4 Rc8+ 41.Kd5 Rd8+ 42.Kc6 Rc8+ 43.Kd6 Rd8+
44.Kc7 Rd3 45.Rb2 Ke7 46.b4 Rd7+ 47.Kb8 Rd8+ 48.Ka7 Rd7+ 49.Ka6 Rd6+ 50.Ka5 Kd7
51.Rc2 h5 52.b5 g6 53.b6 Rd1 54.b7 Rb1 55.Ka6 Ra1+ 56.Kb6 Rb1+ 57.Ka7 Ra1+
58.Kb8 h4 59.Rd2+ Ke7 60.Rd4  1-0

[Event "Indonesia Open"]
[Site "Jakarta INA"]
[Date "2011.10.16"]
[Round "4.19"]
[White "Antonio,R"]
[Black "Sutarno"]
[Result "1-0"]
[WhiteElo "2564"]
[BlackElo "2277"]

1.e4 d6 2.d4 Nf6 3.Nc3 e5 4.Nf3 Nbd7 5.g4 Ng8 6.Bc4 c6 7.a4 Be7 8.Rg1 Qc7
9.Be3 b6 10.Qe2 Bb7 11.Ba2 Nf8 12.O-O-O Bc8 13.g5 a6 14.Qc4 Ne6 15.d5 cxd5
16.Nxd5 Qxc4 17.Bxc4 Bb7 18.Nxb6 Rb8 19.Bd5 Bxd5 20.Nxd5 Bd8 21.Nd2 Ne7 22.Nc4 Nc8
23.h4 O-O 24.c3 Re8 25.Kc2 Nf8 26.Nb4 Ng6 27.Nc6 Ra8 28.h5 Nf4 29.Nxd8  1-0

[Event "Indonesia Open"]
[Site "Jakarta INA"]
[Date "2011.10.16"]
[Round "4.29"]
[White "Abubakar,N"]
[Black "Sonjaya,D"]
[Result "0-1"]
[WhiteElo "2191"]
[BlackElo "2313"]

1.e4 d6 2.d4 Nf6 3.Nc3 c6 4.a4 Qa5 5.f3 e5 6.Ne2 Be7 7.Be3 O-O 8.g3 Nbd7
9.Bg2 d5 10.O-O dxe4 11.Nxe4 Nxe4 12.fxe4 Nf6 13.h3 exd4 14.Bxd4 Rd8 15.Qe1 Qg5
16.Rd1 Be6 17.Qc3 h5 18.Qe3 Qxe3+ 19.Bxe3 Bc4 20.Kf2 Bd6 21.Bf4 Bc5+ 22.Be3 Bxe3+
23.Kxe3 Re8 24.Rf2 Bxe2 25.Rxe2 Re5 26.Red2 Rae8 27.Rd8 Nd5+ 28.Kf2 Rxd8
29.exd5 cxd5 30.c4 d4 31.Bxb7 Rb8 32.Bd5 Rxb2+ 33.Kf3 Re3+ 34.Kf4 Rf2+ 35.Kg5  0-1

[Event "5th SPICE Cup GpC"]
[Site "Lubbock USA"]
[Date "2011.10.16"]
[Round "2"]
[White "Bartholomew,J"]
[Black "Altounian,L"]
[Result "1/2-1/2"]
[WhiteElo "2440"]
[BlackElo "2429"]

1.d4 d6 2.e4 Nf6 3.Nc3 e5 4.Nf3 exd4 5.Nxd4 Be7 6.Bf4 O-O 7.Be2 Re8 8.Qd2 Bf8
9.f3 c6 10.Rd1 d5 11.Nb3 Be6 12.e5 Nfd7 13.Bg3 f6 14.exf6 Nxf6  1/2-1/2

[Event "II Oliver Gonzalez Memorial"]
[Site "Madrid ESP"]
[Date "2011.10.16"]
[Round "9.38"]
[White "Morona Minguez,I"]
[Black "Perez de Aranda A.,LI"]
[Result "0-1"]
[WhiteElo "1894"]
[BlackElo "2142"]

1.e4 d6 2.d4 Nf6 3.Nc3 e5 4.Nf3 Nbd7 5.Bc4 exd4 6.Nxd4 Be7 7.O-O O-O 8.Bg5 c6
9.Bb3 Nc5 10.Re1 Nxb3 11.Nxb3 Ng4 12.Bxe7 Qxe7 13.f4 Qh4 14.h3 Qf2+ 15.Kh1 Ne3
16.Qe2 Qxe2 17.Rxe2 Nc4 18.Nd2 Nb6 19.Nf3 Be6 20.b3 d5 21.exd5 Bxd5 22.Nxd5 Nxd5
23.g3 Rfe8 24.Rae1 Kf8 25.Ne5 f6 26.Nd7+ Kf7 27.Nc5 Rxe2 28.Rxe2 b6 29.Ne4 Rd8
30.a3 h5 31.Kg2 h4 32.c4 Nc7 33.Re3 hxg3 34.Nxg3 Ne6 35.Ne2 Rd2 36.Kg3 c5
37.Kf3 Nd4+ 38.Kf2 Rb2 39.Kf1 Nxe2 40.Rxe2 Rxb3  0-1

[Event "Mitropa Cup"]
[Site "Merlimont FRA"]
[Date "2011.10.16"]
[Round "9.4"]
[White "Bures,J"]
[Black "Choisy,M"]
[Result "1-0"]
[WhiteElo "2415"]
[BlackElo "2203"]

1.e4 d6 2.d4 Nf6 3.Nc3 e5 4.Nf3 Nbd7 5.Bc4 Be7 6.O-O O-O 7.a4 c6 8.b3 b6
9.Bb2 Bb7 10.Re1 a6 11.Bd3 Re8 12.Ne2 Bf8 13.Ng3 g6 14.c3 b5 15.h3 Qc7 16.Rb1 Bh6
17.Qc2 Bg7 18.Ba1 Rad8 19.c4 b4 20.c5 exd4 21.cxd6 Qxd6 22.Bxd4 Ne5 23.Bxe5 Rxe5
24.Nxe5 Qxe5 25.Qe2 Bf8 26.Bxa6 Bxa6 27.Qxa6 Bc5 28.Nh1 Rd2 29.Qc4 Bd6 30.g3 Bc5
31.Kg2 Nh5 32.Re2 Rd4 33.Qc2 Qg5 34.Qc1 Qe5 35.Qc2 Qg5 36.Kh2 Bd6 37.Rd1 c5
38.Rxd4 cxd4 39.Qd3 Qf6 40.Rc2 Kg7 41.a5  1-0

[Event "Schachbundesliga 2011-12"]
[Site "Muelheim GER"]
[Date "2011.10.16"]
[Round "3"]
[White "Fruebing,S"]
[Black "Handke,F"]
[Result "0-1"]
[WhiteElo "2373"]
[BlackElo "2518"]

1.e4 d6 2.d4 Nf6 3.Nc3 e5 4.Nf3 Nbd7 5.Bc4 Be7 6.O-O O-O 7.Re1 c6 8.a4 a5
9.b3 Nb6 10.Bf1 exd4 11.Nxd4 d5 12.e5 Ne8 13.Bd3 g6 14.Bb2 Ng7 15.Qe2 Nd7
16.Qd2 Bb4 17.Qh6 Nc5 18.Nf3 Nce6 19.Rad1 Re8 20.Rf1 Bf8 21.Qc1 Nc5 22.Be2 Bg4
23.Qf4 Bf5 24.Nd4 Nge6 25.Nxe6 Nxe6 26.Qc1 Qh4 27.g3 Qh3 28.Bd3 Nd4 29.Qf4 Qg4
30.Bxf5 Qxf4 31.gxf4 Nxf5 32.Ne2 Rad8 33.Kg2 Bh6 34.Rd3 f6 35.Ng3 Bxf4 36.Nxf5 gxf5
37.exf6 Kf7 38.Rfd1 Re2 39.Ba3 Rxc2 40.Re1 Rg8+ 41.Kf3 Rg4 42.h3 Rh4 43.Kg2 Bg5
44.Rf3 Re4 45.Rd1 Kxf6 46.Bd6 Re3  0-1

[Event "Schachbundesliga 2011-12"]
[Site "Muelheim GER"]
[Date "2011.10.16"]
[Round "3"]
[White "Sanikidze,T"]
[Black "Hausrath,D"]
[Result "1-0"]
[WhiteElo "2530"]
[BlackElo "2507"]

1.e4 d6 2.d4 Nf6 3.Nc3 e5 4.dxe5 dxe5 5.Qxd8+ Kxd8 6.Bg5 Be6 7.O-O-O+ Nd7
8.g3 Bc5 9.f4 Be3+ 10.Kb1 Kc8 11.Nf3 Bg4 12.Be2 exf4 13.Bxf4 Bxf4 14.gxf4 Re8
15.e5 Nh5 16.Rhg1 Bxf3 17.Bxf3 Nxf4 18.Bg4 Ne6 19.Bxe6 fxe6 20.Rxg7 Rd8 21.Ne4 Nf8
22.Rxd8+ Kxd8 23.Nf6 a5 24.Nxh7 Ke8 25.Nf6+ Kd8 26.Rf7 Ng6 27.Rd7+ Kc8 28.Rg7  1-0

[Event "TCh-FIN SM-Liiga 2011-12"]
[Site "Oulu FIN"]
[Date "2011.10.16"]
[Round "4.2"]
[White "Kiuttu,R"]
[Black "Kiik,K"]
[Result "0-1"]
[WhiteElo "2303"]
[BlackElo "2406"]

1.e4 d6 2.d4 Nf6 3.Nc3 e5 4.dxe5 dxe5 5.Qxd8+ Kxd8 6.Bg5 Be6 7.O-O-O+ Nd7
8.f4 exf4 9.Nf3 Kc8 10.Bxf4 Bc5 11.Bd3 Ng4 12.Rhe1 Bb4 13.e5 Nf2 14.Rd2 Nxd3+
15.cxd3 Nb6 16.Bg5 h6 17.Bh4 Nd5 18.Kc2 g5 19.Bg3 b6 20.Nd4 Kb7 21.Re4 a5
22.Rde2 Rad8 23.h4 Be7 24.Nxe6 fxe6 25.Nxd5 exd5 26.R4e3 gxh4 27.Be1 Rdf8
28.Rh3 Rf4 29.Rf2 Rxf2+ 30.Bxf2 Rg8 31.Bxh4 Rxg2+ 32.Kc3 Bxh4 33.Rxh4 Rg6
34.Kd4 c6 35.Rf4 Kc7 36.Rf7+ Kd8 37.Rh7 Rg4+ 38.Kc3 Rh4 39.a4 Rxa4 40.Rxh6 d4+
41.Kc2 Kd7 42.Rh7+ Ke6 43.Rh6+ Kxe5 44.Rxc6 Rb4 45.Rh6 Kd5 46.Rh5+ Kc6 47.Rg5 Rb5
48.Rg6+ Kc5 49.Rg8 Kb4 50.Rd8 Rc5+ 51.Kb1 Kb3 52.Rxd4 Rc2 53.Rd8 Rxb2+ 54.Kc1 Rc2+
55.Kd1 a4 56.Rb8 Rc6 57.Kd2 a3 58.d4 a2 59.Ra8 Rc4 60.Kd3 Ra4 61.Rb8 Ra6
62.d5 a1=Q 63.Ke4 Qf6  0-1

[Event "TCh-MNE 1st League"]
[Site "Tivat MNE"]
[Date "2011.10.16"]
[Round "9.5"]
[White "Popadic,Dr"]
[Black "Maric,B"]
[Result "1/2-1/2"]
[WhiteElo "2240"]
[BlackElo "2257"]

1.e4 d6 2.d4 Nf6 3.Nc3 e5 4.Nf3 Nbd7 5.Bc4 Be7 6.O-O O-O 7.Re1 c6 8.a4 a5
9.h3 h6 10.Be3 Re8  1/2-1/2

[Event "Indonesia Open"]
[Site "Jakarta INA"]
[Date "2011.10.17"]
[Round "7.33"]
[White "Situru,N"]
[Black "Hidayat,A"]
[Result "1-0"]
[WhiteElo "2314"]
[BlackElo "2159"]

1.e4 d6 2.d4 Nf6 3.Nc3 e5 4.Nf3 Nbd7 5.Bc4 Be7 6.O-O O-O 7.a4 a5 8.Qe2 c6
9.h3 Ne8 10.Be3 Bf6 11.Rad1 Qe7 12.Rfe1 Kh8 13.Qd2 b6 14.d5 c5 15.Ne2 Rg8
16.g4 g6 17.Ng3 Bg7 18.Kg2 Nf8 19.Qe2 Ra7 20.Kh2 Qd8 21.Rd3 Bd7 22.Ra1 h6
23.Rb3 Kh7 24.Nd2 Rh8 25.Bb5 Kg8 26.Nc4 Bxb5 27.Rxb5 Nd7 28.Qf3 Bf8 29.Rb3 Ng7
30.Rg1 Rh7 31.Bd2 Ra6 32.Qe2 Ra7 33.Na3 Kh8 34.Qb5 h5 35.g5 h4 36.Ne2 f5
37.gxf6 Qxf6 38.Rg2 Nh5 39.Bg5 Qf7 40.Nc4 Nhf6 41.f3 Nh5 42.Qc6 Rg7 43.Nxd6 Bxd6
44.Qxd6 Kh7 45.Rg4 c4 46.Re3 Qe8 47.Rxh4 Kg8 48.Rc3 Nf8 49.Rxc4 b5 50.axb5 Qxb5
51.b3 Raf7 52.Nc3 Qe8 53.Kg2 Nh7 54.Be3 Rf6 55.Qc5 Qf7 56.Qc8+ Nf8 57.Qg4 Nf4+
58.Bxf4 Rxf4 59.Qg3 g5 60.Rh6 Rg6 61.Rh5 Rg7 62.Rxg5 Kh7 63.Rc6 Ng6 64.Nb5 Nh4+
65.Kh1 Qf8 66.Rc7  1-0

[Event "Chigorin Memorial Open"]
[Site "St Petersburg RUS"]
[Date "2011.10.17"]
[Round "4.9"]
[White "Vysochin,S"]
[Black "Khismatullin,D"]
[Result "1-0"]
[WhiteElo "2558"]
[BlackElo "2635"]

1.e4 d6 2.d4 Nf6 3.Nc3 e5 4.dxe5 dxe5 5.Qxd8+ Kxd8 6.Bg5 Be6 7.f4 exf4 8.Nf3 Kc8
9.O-O-O Nbd7 10.Bxf4 Nh5 11.g3 Bc5 12.Nd4 Bg4 13.Rd3 Nb6 14.h3 Nxf4 15.gxf4 Bd7
16.e5 Be7 17.Be2 g6 18.Bg4 c6 19.Rhd1 Bxg4 20.hxg4 Kc7 21.f5 Rad8 22.f6 Bc5
23.Nf3 Nc4 24.Ne4 Be3+ 25.Kb1 Bf4 26.e6 Rxd3 27.Rxd3 fxe6 28.Nd4 Kb6 29.Nxe6 Re8
30.N4c5 Nd6 31.Rb3+ Ka5 32.Ra3+ Kb5 33.c4+ Kxc4 34.Rc3+ Kb4 35.a3+  1-0

[Event "Chigorin Memorial Open"]
[Site "St Petersburg RUS"]
[Date "2011.10.17"]
[Round "4.47"]
[White "Khakimov,T"]
[Black "Sergienko,S"]
[Result "1-0"]
[WhiteElo "2281"]
[BlackElo "2415"]

1.e4 d6 2.d4 Nf6 3.Nc3 e5 4.Nf3 Nbd7 5.Bc4 Be7 6.O-O O-O 7.Qe2 c6 8.a4 a5
9.Rd1 Qc7 10.h3 h6 11.Be3 Re8 12.dxe5 dxe5 13.Nh4 Nf8 14.Nf5 Bxf5 15.exf5 Bb4
16.Na2 Bd6 17.Nc3 Bb4 18.Na2 Bd6 19.Bb3 N8d7 20.Nc3 e4 21.Qc4 Re7 22.Rd2 Bf4
23.Re1 Bxe3 24.Rxe3 Qf4 25.Rde2 Ne5 26.Qc5 Rd7 27.Nxe4 Rd1+ 28.Re1 Nxe4 29.Rxe4 Qxe4
30.Rxd1 Re8 31.Qxa5 Qxf5 32.Qc7 Qh5 33.Rd8 Rxd8 34.Qxd8+ Kh7 35.Qd4 Qe2 36.Qe3 Qd1+
37.Kh2 Qd6 38.g3 f5 39.c3 g6 40.Kg2 c5 41.f4 Nd7 42.Qe8 Qd2+ 43.Kf3 Qd3+
44.Kf2 Qd2+ 45.Qe2 Qd6 46.Qc4 Nf6 47.Qf7+ Kh8 48.Ke2 g5 49.Be6 Qd8 50.fxg5 hxg5
51.Bxf5 Qd6 52.Qe6 Qf8 53.Kd3 Kg7 54.Kc2 Qd8 55.Qe3  1-0

[Event "37th Guernsey Open"]
[Site "Guernsey GCI"]
[Date "2011.10.18"]
[Round "3"]
[White "Van Der Sanden,Martien"]
[Black "Rowe,P"]
[Result "1/2-1/2"]
[WhiteElo "1853"]
[BlackElo "1999"]

1.e4 d6 2.d4 Nf6 3.Nc3 Nbd7 4.Nf3 e5 5.Bc4 Be7 6.h3 c6 7.a4 O-O 8.O-O Nxe4
9.Nxe4 d5 10.Nxe5 Nxe5 11.dxe5 dxc4 12.Nd6 Bxd6 13.exd6 Be6 14.Bf4 Qf6 15.Qd2 b6
16.Rfe1 h6 17.Be5 Qf5 18.Re2 Rfd8 19.Qf4 Rd7 20.Qxf5 Bxf5 21.Bg3 Be6 22.Rae1 Rb8
23.Be5 b5 24.axb5 cxb5 25.Re3 Kh7  1/2-1/2

[Event "Chigorin Memorial Open"]
[Site "St Petersburg RUS"]
[Date "2011.10.18"]
[Round "5.45"]
[White "Mikheev,S"]
[Black "Sirletti,S"]
[Result "1/2-1/2"]
[WhiteElo "2271"]
[BlackElo "1940"]

1.e4 d6 2.d4 Nf6 3.Nc3 e5 4.Nf3 Nbd7 5.Bc4 Be7 6.O-O O-O 7.a4 a6 8.Re1 b6
9.Bg5 Bb7 10.Qd2 h6 11.Bxh6 gxh6 12.Qxh6 Nh7 13.dxe5 Nxe5 14.Nxe5 dxe5 15.Rad1 Bd6
16.Rd3 Qf6 17.Qh5 Kh8 18.Rh3 Qg6 19.Qf3 Be7 20.Nd5 Bxd5 21.exd5 Bd6 22.Rg3 e4
23.Rxe4 Bxg3 24.hxg3 f5 25.Rh4 Rae8 26.Bd3 Re1+ 27.Kh2 Kg7 28.Bxa6 Re4 29.Qc3+ Qf6
30.Rxe4 fxe4 31.Qxc7+ Rf7 32.d6 Qh6+ 33.Kg1 Qc1+ 34.Kh2 Qh6+ 35.Kg1 Qc1+
36.Kh2 Qh6+  1/2-1/2

[Event "1st Central Asia Cup"]
[Site "Tashkent UZB"]
[Date "2011.10.18"]
[Round "1.20"]
[White "Primbetov,K"]
[Black "Karimov,I"]
[Result "1/2-1/2"]
[WhiteElo "2214"]
[BlackElo "2313"]

1.e4 d6 2.d4 Nf6 3.Nc3 Nbd7 4.g3 e5 5.Nge2 h5 6.h3 c6 7.a4 b5 8.axb5 cxb5
9.dxe5 dxe5 10.Bg2 Bb7 11.O-O a6 12.Nd5 Nxd5 13.exd5 Bd6 14.Nc3 f5 15.h4 g6
16.Nb1 Qc7 17.Nd2 Nb6 18.Nb3 Nc4 19.Nd2 Nxd2 20.Bxd2 O-O 21.Ba5 Qf7 22.Qd2 e4
23.Rad1 Rfe8 24.Qh6 Qg7 25.Qxg7+ Kxg7 26.Rfe1 Rac8 27.c3 Kf7 28.Kh2 Re5 29.f3 Rce8
30.fxe4 fxe4 31.Rd4 Rxd5 32.Rf1+ Kg8 33.Rf6 Rxd4 34.cxd4 Bb8 35.Rxg6+ Kf7
36.Rb6 Bd5 37.Bd2 Rg8 38.Bg5 Rc8 39.Rf6+ Kg7 40.Rf5 Be6 41.Rf6 Bd5 42.Rf5 Be6
43.Rf2 Bd5 44.Rf5 Be6  1/2-1/2

[Event "76th ch-ESP"]
[Site "Arenal d'en Castell ESP"]
[Date "2011.10.19"]
[Round "5.10"]
[White "Espinosa Aranda,A"]
[Black "Fernandez Garcia,JoseM"]
[Result "1/2-1/2"]
[WhiteElo "2398"]
[BlackElo "2325"]

1.e4 d6 2.d4 Nf6 3.Nc3 e5 4.Nf3 Nbd7 5.Bc4 Be7 6.O-O O-O 7.Re1 c6 8.a4 b6
9.Ba2 a6 10.h3 Rb8 11.Be3 b5 12.axb5 axb5 13.b4 Qc7 14.Bb3 Nb6 15.Qd3 Re8
16.d5 cxd5 17.Bxb6 Qxb6 18.Bxd5 Bd7 19.Ra5 Bf8 20.Rea1 Nxd5 21.Nxd5 Qc6 22.Ra7 Ra8
23.Kh2 Rec8 24.Rxa8 Rxa8 25.Rxa8 Qxa8 26.Nb6 Qc6 27.Nxd7 Qxd7 28.Nxe5 Qc7
29.Nf3 d5+ 30.e5 Bxb4 31.Qxd5 Qxc2 32.e6 Qc7+ 33.Ne5 fxe6 34.Qxe6+ Kf8 35.g3 g6
36.Qf6+ Kg8 37.Ng4 Bf8 38.Qe6+ Qf7 39.Nf6+ Kg7 40.Ne8+ Kg8 41.Nf6+  1/2-1/2

[Event "US Chess League 2011"]
[Site "ICC INT"]
[Date "2011.10.19"]
[Round "8"]
[White "Vovsha,E"]
[Black "Margvelashvili,G"]
[Result "1/2-1/2"]
[WhiteElo "2484"]
[BlackElo "2531"]

1.e4 d6 2.d4 Nf6 3.Nc3 e5 4.Nf3 Nbd7 5.Bc4 Be7 6.g4 Nb6 7.Bb3 exd4 8.Nxd4 c5
9.Nf5 Bxf5 10.exf5 c4 11.Ba4+ Nxa4 12.Nxa4 d5 13.Be3 h5 14.g5 Ne4 15.Qd4 Bxg5
16.O-O-O O-O 17.f4 Bf6 18.Qxd5 Qe8 19.Qd7 Rd8 20.Qxe8 Rfxe8 21.Rxd8 Rxd8
22.Re1 Nd6 23.Bxa7 Ra8 24.Bc5 Rxa4 25.Bxd6 Rxa2 26.Re8+ Kh7 27.Be5 Ra1+ 28.Kd2 Rh1
29.Rf8 Rxh2+ 30.Ke3  1/2-1/2

[Event "Chigorin Memorial Open"]
[Site "St Petersburg RUS"]
[Date "2011.10.19"]
[Round "6.83"]
[White "Kalinin,Niki"]
[Black "Kuznetsov,N"]
[Result "1-0"]
[WhiteElo "2102"]
[BlackElo "2293"]

1.e4 d6 2.d4 Nf6 3.Nc3 c6 4.Be3 Qa5 5.Qd2 Ng4 6.Bf4 e5 7.Bg3 Be6 8.d5 Bc8
9.Nf3 Be7 10.Be2 Nd7 11.O-O Nc5 12.a3 Qd8 13.b4 Nd7 14.h3 Ngf6 15.Nh4 Nb6
16.dxc6 bxc6 17.f4 exf4 18.Qxf4 g5 19.Qxg5 Nxe4 20.Qg7 Bf6 21.Rxf6 Qxf6 22.Qxf6 Nxf6
23.Bxd6 Rg8 24.Re1 Be6 25.Ba6 Rd8 26.Be5 Nbd5 27.Ne2 Nd7 28.Bd4 Nc7 29.Bb7 c5
30.bxc5 Nb5 31.c6 Nb6 32.Be5 Rd5 33.Bf4 Rc5 34.Ba6 Nxa3 35.Nd4 Nxc2 36.Nxe6 fxe6
37.Rxe6+ Kf7 38.Rd6 Nb4  1-0

[Event "76th ch-ESP"]
[Site "Arenal d'en Castell ESP"]
[Date "2011.10.20"]
[Round "6.5"]
[White "De La Villa Garcia, JM"]
[Black "Garza Marco,S"]
[Result "1-0"]
[WhiteElo "2486"]
[BlackElo "2402"]

1.e4 d6 2.d4 Nf6 3.Nc3 e5 4.Nf3 Nbd7 5.Bc4 Be7 6.a4 O-O 7.O-O c6 8.Ba2 b6
9.Re1 a6 10.Qd3 Rb8 11.Ne2 b5 12.axb5 axb5 13.b4 Qc7 14.Ng3 Nb6 15.h3 Ra8
16.Be3 Ra4 17.c3 exd4 18.Nxd4 Re8 19.Ndf5 Bf8 20.Bd4 Be6 21.Bxf6 Bxa2 22.Bxg7 Bxg7
23.Nxg7 Kxg7 24.Nf5+ Kf8 25.Qd2 Rea8 26.Qh6+ Ke8 27.Nxd6+ Ke7 28.Rad1 Nd7
29.Nf5+ Ke8 30.Qxh7 Nf8 31.Ng7+ Ke7 32.Qh4+ f6 33.e5 Bd5 34.exf6+ Kd8 35.Re8+  1-0